02028nam a2200289Ia 4500003000400000005001700004008004100021020001800062040002100080041000800101082002500109100004500134245006900179260003600248300002900284490002700313500007100340504003800411505025300449520079400702650002901496650003501525650003201560942001201592999001501604952011901619OSt20210521121141.0210310s2013 sp gr 001 0 s d a9788415664239 aCO-JMCRcCO-JMCR0 aspa04a330.156 /bT692k2231 aTorrero Mañas, Antonio, 915752eautor10aKeynes y la crisis financiera actual / cAntonio Torrero Mañas aMadrid : bMarcial Pons, c2013 a180 páginas ; c21 cm.0 aColección Economía aIncluye notas a pie de página e índices de materias y autores. aBibliografía: páginas 161-1710 aDos conferencias sobre la crisis en la Universidad de Alcalá: octubre de 2011 -- La crisis financiera internacional -- La crisis de la economía española -- Sistema financiero y productividad económica -- Keynes y la crisis financiera actual3 aEl libro esta formado por tres trabajos: Dos conferencias sobre la crisis. Octubre 2011. Texto de las conferencias que impartí por cuarto año consecutivo, en los primeros días del curso académico sobre la crisis financiera actual y su impacto sobre la economía española. Sistema Financiero y Productividad Económica. Se intenta explicar las razones y consecuencias del hiperdesarrollo de las finanzas en relación a los sectores reales. Keynes y la crisis financiera actual. La obra de Keynes es inspiradora para analizar la crisis financiera por los motivos siguientes: a) era un experto en finanzas; b) destaca en su pensamiento la incertidumbre; c) observó directamente la Gran Depresión; d) participó activamente en la creación del Fondo Monetario Internacional.14aCrisis financiera91575424aFinanzas internacionales9588124aEconomía keynesiana94935 2ddccBK c7895d7895 00102ddc40708NFICaCPLbCPLd2018-04-15eDonacióno330.156 / T692kp430000099r2024-05-16 00:00:00tEj.1yBK